| 000 | 00846nam a2200169 a 4500 | ||
|---|---|---|---|
| 008 | 150806s9999 xx |||||||||||||| || u | ||
| 050 | _aGOV.ZAM(02)2015/1 | ||
| 110 | _aThe Government of the Republic of Zambia | ||
| 245 | 1 | 0 |
_aImplementation of Integrated Water Resources Management in Zambia _cGovernment of the Republic of Zambia (GRZ) |
| 260 |
_a _bGovernment of the Republic of Zambia _c |
||
| 300 | _a2015 | ||
| 650 | _aWATER RESOURCE DEVELOPMENT--DEVELOPING COUNTRIES | ||
| 650 | _aMANAGEMENT OF WATER--ZAMBIA | ||
| 650 | _aWATER RESOURCES DEVELOPMENT POLICY--ZAMBIA | ||
| 995 |
_aSPECIAL COLLECTIONS _e1940 _FCBU-MAIN LIBRARY (Kitwe) _jGRZ(02)2015/1A _M1 _UDAMAGED _WAug 6, 2015 _yB1940 _ZZambiana Collection |
||
| 995 |
_aSPECIAL COLLECTIONS _e1941 _FCBU-MAIN LIBRARY (Kitwe) _jGRZ(02)2015/1B _M2 _UDAMAGED _WAug 6, 2015 _yB1941 _ZZambiana Collection |
||
| 999 |
_c76426 _d76426 |
||